000 00781nam a22002297a 4500
999 _c26028
_d26028
005 20190225150837.0
008 080814t xxu||||| |||| 00| 1 eng d
010 _aB-284992
020 _a0140284729
_c225.00
020 _a9780140284720
_c225.00
035 _aB-28492, B-215601, B-215613, B-215615
037 _bUBH (Vender)
040 _aDPL
_bENG
082 _aN
100 _aLokuge, Chandani
245 _aIf the moon smiled /
_cby Chandani Lokuge
260 _aNew Delhi
_bPenguin Books
_c2000
270 _a11, Community Centre, Panchsheel Park,
_bNew Delhi
_e110017
300 _a225p.
_c20cm. (pbk)
942 _2ddc
_cEN
_hN
_mLOK